000 00571nam a2200181 i 4500
001 34289
003 ES-MaACL
005 20250627063626.0
007 t|
008 030204s1917 fr ||||1| fre d
100 1 _aBloch, Oscar,
_d1877-1937
_929518
245 1 0 _aAtlas linguistique des Vosges méridionales /
_cpar Oscar Bloch.
260 _aParis :
_bH. Champion,
_c1917 (
_eMacon :
_fProtat Frères)
300 _aXXIV, 33 p., 810 mapas ;
_c27 cm.
650 4 _aLengua francesa-
_xDialectos.
_9146166
852 _aES-MaACL
_jC-2546
999 _c34289
_d34289